00317nam a2200145Ia 4500008003600000041000800036082001100044100000600055245003800061260002200099650001600121650000900137650001700146650000800163210210b xxu||||| |||| 00| 0 eng d aeng a879/24 a- aKalkathayile rahasyangal Part III abNot Mentionedc arahasyangal aPart aKalkathayile aIII